Abilities based on the Pokemon-Gen IV - Statistics

General Stats
  • This quiz has been taken 9 times
  • The average score is 15 of 20
Answer Stats
Pokemon Ability(ies) % Correct
Porygon-Z (Hidden) Analytic
100%
Chatot (Hidden) Big Pecks
100%
Leafeon (Hidden) Chlorophyll
100%
Lopunny Cute Charm | Klutz
100%
Empoleon (Hidden) Defiant
100%
Heatran (Hidden) Flame Body
100%
Heatran Flash Fire
100%
Cherrim Flower Gift
100%
Manaphy Hydration
100%
Gliscor Hyper Cutter | Sand Veil
100%
Glaceon (Hidden) Ice Body
100%
Spiritomb (Hidden) Infiltrator
100%
Honchkrow Insomnia | Super Luck
100%
Chatot Keen Eye | Tangled Feet
100%
Leafeon Leaf Guard
100%
Mismagius Levitate
100%
Rotom Levitate
100%
Mesprit Levitate
100%
Azelf Levitate
100%
Giratina-Origin Levitate
100%
Cresselia Levitate
100%
Rhyperior Lightning Rod | Solid Rock
100%
Rampardos Mold Breaker
100%
Bibarel (Hidden) Moody
100%
Roserade Natural Cure | Poison Point
100%
Vespiquen Pressure
100%
Spiritomb Pressure
100%
Weavile Pressure
100%
Dusknoir Pressure
100%
Palkia Pressure
100%
Giratina-Altered Pressure
100%
Rhyperior (Hidden) Reckless
100%
Tangrowth (Hidden) Regenerator
100%
Hippowdon (Hidden) Sand Force
100%
Probopass (Hidden) Sand force
100%
Hippowdon Sand Stream
100%
Garchomp Sand Veil
100%
Shaymin-Sky Serene Grace
100%
Bibarel Simple | Unaware
100%
Regigigas Slow Start
100%
Glaceon Snow Cloak
100%
Skuntank Stench | Aftermath
100%
Gastrodon Sticky Hold | Storm Drain
100%
Probopass Sturdy | Magnet Pull
100%
Kricketune Swarm
100%
Lumineon Swift Swim | Storm Drain
100%
Dialga (Hidden) Telepathy
100%
Purugly Thick Fat | Own Tempo
100%
Mothim (Hidden) Tinted Lens
100%
Pachirisu (Hidden) Volt Absorb
100%
Floatzel (Hidden) Water Veil
100%
Lucario Steadfast | Inner Focus
67%
Wormadam Anticipation
50%
Dusknoir (Hidden) Frisk
50%
Electivire Motor Drive
50%
Abomasnow (Hidden) Soundproof
50%
Bastiodon Sturdy
50%
Bronzong (Hidden) Heavy Metal
33%
Lucario (Hidden) Justified
33%
Porygon-Z Abaptability | Download
0%
Drifblim Aftermath | Unburden
0%
Magnezone (Hidden) Analytic
0%
Toxicroak Anticipation | Dry Skin
0%
Darkrai Bad Dreams
0%
Drapion Battle Armour | Sniper
0%
Infernape Blaze
0%
Tangrowth Chlorophyll | Leaf Guard
0%
Lickilicky (Hidden) Cloude Nine
0%
Froslass (Hidden) Cursed Body
0%
Purugly (Hidden) Defiant
0%
Magmortar Flame Body
0%
Drifblim (Hidden) Flare Boost
0%
Yanmega (Hidden) Frisk
0%
Luxray (Hidden) Guts
0%
Togekiss Hustle | Serene Grace
0%
Phione Hydration
0%
Staraptor Intimidate
0%
Infernape (Hidden) Iron Fist
0%
Gallade (Hidden) Justified
0%
Skuntank (Hidden) Keen Eye
0%
Drapion (Hidden) Keen Eye
0%
Carnivine Levitate
0%
Uxie Levitate
0%
Bronzong Levitate | Heatproof
0%
Lopunny (Hidden) Limber
0%
Magnezone Magnet Pull | Sturdy
0%
Honchkrow (Hidden) Moxie
0%
Arceus Mulitype
0%
Shaymin-Land Natural Cure
0%
Mamoswine Oblivious | Snow Cloak
0%
Wormadam (Hidden) Overcoat
0%
Torterra Overgrow
0%
Lickilicky Own Tempo | Oblivious
0%
Weavile (Hidden) Pickpocket
0%
Gliscor (Hidden) Poison Heal
0%
Toxicroak (Hidden) Poison Touch
0%
Dialga Pressure
0%
Staraptor (Hidden) Reckless
0%
Luxray Rivalry | Intimidate
0%
Garchomp (Hidden) Rough Skin
0%
Pachirisu Run Away | Pick Up
0%
Gastrodon (Hidden) Sand Force
0%
Rampardos (Hidden) Sheer Force
0%
Torterra (Hidden) Shell Armour
0%
Ambipom (Hidden) Skill Link
0%
Froslass Snow Cloak
0%
Abomasnow Snow Warning
0%
Bastiodon (Hidden) Soundproof
0%
Yanmega Speed Boost | Tinted Lens
0%
Gallade Steadfast
0%
Togekiss (Hidden) Super Luck
0%
Mothim Swarm
0%
Floatzel Swift Swim
0%
Kricketune (Hidden) Technician
0%
Roserade (Hidden) Technician
0%
Ambipom Technician | Pick Up
0%
Palkia (Hidden) Telepathy
0%
Giratina-Altered (Hidden) Telepathy
0%
Mamoswine (Hidden) Thick Fat
0%
Empoleon Torrent
0%
Vespiquen (Hidden) Unnerve
0%
Electivire (Hidden) Vital Spirit
0%
Magmortar (Hidden) Vital Spirit
0%
Lumineon (Hidden) Water Veil
0%
No matching quizzes found
Score Distribution
Percent of People with Each Score
Percentile by Number Answered
Your Score History
You have not taken this quiz